MARC details
| 000 -LEADER |
| fixed length control field |
02319cam a2200433 4500 |
| 001 - CONTROL NUMBER |
| control field |
815015 |
| 003 - CONTROL NUMBER IDENTIFIER |
| control field |
OCoLC |
| 005 - DATE AND TIME OF LATEST TRANSACTION |
| control field |
20181219120241.0 |
| 008 - FIXED-LENGTH DATA ELEMENTS--GENERAL INFORMATION |
| fixed length control field |
740204s1974 mnuh b 001 0 eng |
| 010 ## - LIBRARY OF CONGRESS CONTROL NUMBER |
| LC control number |
74001358 |
| 020 ## - INTERNATIONAL STANDARD BOOK NUMBER |
| International Standard Book Number |
0871233576 |
| 020 ## - INTERNATIONAL STANDARD BOOK NUMBER |
| International Standard Book Number |
9780871233578 |
| 020 ## - INTERNATIONAL STANDARD BOOK NUMBER |
| International Standard Book Number |
0871233584 (pbk.) |
| 020 ## - INTERNATIONAL STANDARD BOOK NUMBER |
| International Standard Book Number |
9780871233585 (pbk.) |
| 035 ## - SYSTEM CONTROL NUMBER |
| System control number |
(OCoLC)815015 |
| Canceled/invalid control number |
(OCoLC)1247104 |
| 040 ## - CATALOGING SOURCE |
| Original cataloging agency |
DLC |
| Language of cataloging |
eng |
| Transcribing agency |
DLC |
| Modifying agency |
OCLCQ |
| -- |
BTCTA |
| -- |
TLE |
| -- |
OCLCQ |
| -- |
OCLCG |
| -- |
YDXCP |
| -- |
OCLCG |
| -- |
IDI |
| -- |
EDX |
| -- |
OCLCO |
| -- |
JCU |
| 050 00 - LIBRARY OF CONGRESS CALL NUMBER |
| Classification number |
BT1102 |
| Item number |
.M93 1974 |
| 082 ## - DEWEY DECIMAL CLASSIFICATION NUMBER |
| Classification number |
239 |
| Item number |
M787M |
| 245 00 - TITLE STATEMENT |
| Title |
Myth, allegory, and gospel : |
| Remainder of title |
an interpretation of J.R.R. Tolkien, C.S. Lewis, G.K. Chesterton [and] Charles Williams / |
| Statement of responsibility, etc. |
by Edmund Fuller ... [et al.]. |
| 260 ## - PUBLICATION, DISTRIBUTION, ETC. |
| Place of publication, distribution, etc. |
Minneapolis : |
| Name of publisher, distributor, etc. |
Bethany Fellowship, |
| Date of publication, distribution, etc. |
1974. |
| 300 ## - PHYSICAL DESCRIPTION |
| Extent |
159 p. |
| Other physical details |
facsim. |
| Dimensions |
22 cm. |
| 500 ## - GENERAL NOTE |
| General note |
Based on a lecture series held 1969-70, and sponsored by the Departments of Theology and English at DePaul University and the Division of Philosophy and Religion of the DePaul College. |
| 504 ## - BIBLIOGRAPHY, ETC. NOTE |
| Bibliography, etc. note |
Includes bibliographical references. |
| 505 00 - FORMATTED CONTENTS NOTE |
| Title |
The apologists of eucatastrophe / |
| Statement of responsibility |
John Warwick Montgomery -- |
| Title |
Chesterton, madmen, and madhouses / |
| Statement of responsibility |
Russell Kirk -- |
| Title |
Charles Williams' novels and the contemporary mutation of consciousness / |
| Statement of responsibility |
Chad Walsh -- |
| Title |
After the moon landings : a further report on the Christian spaceman C.S. Lewis / |
| Statement of responsibility |
Edmund Fuller -- |
| Title |
The Chronicles of Narnia and the adolescent reader / |
| Statement of responsibility |
John Warwick Montgomery -- |
| Title |
Mythic and Christian elements in Tolkien / |
| Statement of responsibility |
Clyde S. Kilby. |
| 600 10 - SUBJECT ADDED ENTRY--PERSONAL NAME |
| Personal name |
Chesterton, G. K. |
| Fuller form of name |
(Gilbert Keith), |
| Dates associated with a name |
1874-1936 |
| General subdivision |
Religion. |
| 600 10 - SUBJECT ADDED ENTRY--PERSONAL NAME |
| Personal name |
Lewis, C. S. |
| Fuller form of name |
(Clive Staples), |
| Dates associated with a name |
1898-1963 |
| General subdivision |
Religion. |
| 600 10 - SUBJECT ADDED ENTRY--PERSONAL NAME |
| Personal name |
Tolkien, J. R. R. |
| Fuller form of name |
(John Ronald Reuel), |
| Dates associated with a name |
1892-1973 |
| General subdivision |
Religion. |
| 600 10 - SUBJECT ADDED ENTRY--PERSONAL NAME |
| Personal name |
Williams, Charles, |
| Dates associated with a name |
1886-1945 |
| General subdivision |
Religion. |
| 650 #0 - SUBJECT ADDED ENTRY--TOPICAL TERM |
| Topical term or geographic name entry element |
Apologetics. |
| 650 #0 - SUBJECT ADDED ENTRY--TOPICAL TERM |
| Topical term or geographic name entry element |
Christian literature, English |
| General subdivision |
History and criticism. |
| 650 #0 - SUBJECT ADDED ENTRY--TOPICAL TERM |
| Topical term or geographic name entry element |
Fantasy literature, English |
| General subdivision |
History and criticism. |
| 650 #0 - SUBJECT ADDED ENTRY--TOPICAL TERM |
| Topical term or geographic name entry element |
Myth in literature. |
| 650 #0 - SUBJECT ADDED ENTRY--TOPICAL TERM |
| Topical term or geographic name entry element |
Allegory. |
| 700 1# - ADDED ENTRY--PERSONAL NAME |
| Personal name |
Fuller, Edmund, |
| Dates associated with a name |
1914-2001. |
| 776 08 - ADDITIONAL PHYSICAL FORM ENTRY |
| Relationship information |
Online version: |
| Title |
Myth, allegory, and gospel. |
| Place, publisher, and date of publication |
Minneapolis, Bethany Fellowship [1974] |
| Record control number |
(OCoLC)613169399. |
| 830 #0 - SERIES ADDED ENTRY--UNIFORM TITLE |
| Uniform title |
Robert John Bayer Memorial Chesterton Collection. |
| 830 #0 - SERIES ADDED ENTRY--UNIFORM TITLE |
| Uniform title |
JCU Special Collections. |
| 942 ## - ADDED ENTRY ELEMENTS (KOHA) |
| Source of classification or shelving scheme |
Dewey Decimal Classification |
| Koha item type |
Books |